| 000 | 00982nam a2200277Ia 4500 | ||
|---|---|---|---|
| 003 | OSt | ||
| 005 | 20221002043948.0 | ||
| 006 | a|||||r|||| 00| 0 | ||
| 007 | ta | ||
| 008 | 220930b |||||||| |||| 00| 0 eng d | ||
| 020 |
_a8172362137 _c720 |
||
| 024 | _a84807 | ||
| 037 |
_b248, 31/03/2006, N. R. Book Distributors _cReference Collections |
||
| 040 |
_aCRL _cCRL _beng |
||
| 041 |
_2eng _aeng |
||
| 082 | _aU672k2,N76, P0.2(RR) | ||
| 111 |
_aNational Institute of Science Communication and Information Resources _9568865 |
||
| 245 | 0 |
_aWealth of India _b A dictionary of Indian raw materials and industrial products |
|
| 260 |
_aNew Delhi _bNational Institute of andInformation Resources and _c2000 |
||
| 490 | _vV2 | ||
| 500 | _aFirst supplement series | ||
| 650 | _a GEOGRAPHY | ||
| 650 |
_aRAW MATERIALS _9568866 |
||
| 942 |
_hU672k2,N76, P0.2(RR) _cref _2CC |
||
| 999 |
_c909268 _d909268 |
||